Countries at the End of the World from Each Other - Statistics

General Stats
  • This quiz has been taken 546 times
    519 since last reset
  • The average score is 13 of 20
Answer Stats
This country... ... is opposite to % Correct
China
89%
Mongolia Argentina
80%
Brazil
80%
Vietnam
79%
Chile
78%
Laos
78%
Thailand
78%
Malaysia
77%
Peru Cambodia
76%
Indonesia
75%
Venezuela Indonesia
75%
Philippines Bolivia
69%
Paraguay
69%
Spain New Zealand
66%
Singapore Ecuador
53%
Mali Fiji
41%
Solomon Islands
38%
Vanuatu
36%
Niger
35%
Tonga Algeria
32%
No matching quizzes found
Score Distribution
Percent of People with Each Score
Percentile by Number Answered
Your Score History
You have not taken this quiz since the last reset